=LDR 00000nam 2200000 4500 =001 INLIS000000000022504 =005 20130612121244 =008 ***********************************Ind** =035 ##$$0010-061300000022504 =041 ##$$a Ind =082 ##$$a 892.7 =090 ##$$a 892.7, Lab-p =100 ##$$a Labib, Muhsin =245 ##$$a Prahara di nainawa, Sebuah roman sejarah VII masehi, Muhsin Labib =260 ##$$a 1999 $b Aceh =300 ##$$a 286 hlm., 18 cm =650 ##$$a Roman sejarah =850 ##$$a NBPNMAT